Cyclisme : Effectif 2024 de la TotalEnergies - Statistiques

Statistiques générales
  • Ce quiz a été pris 29 fois
  • Le résultat moyen est 12 sur 23
Statistiques - réponses
Pays Reprensenté Coureur % Correct
Belgique Steff Cras
85%
France Pierre Latour
81%
France Anthony Turgis
74%
France Jordan Jegat
74%
France Mathieu Burgaudeau
74%
Belgique Dries Van Gestel
67%
France Geoffrey Soupe
67%
France Matteo Vercher
67%
France Sandy Dujardin
63%
France Jason Tesson
56%
France Alexis Vuillermoz
52%
France Emilien Jeanniere
52%
France Fabien Grellier
52%
France Thomas Gachignard
52%
France Valentin Ferron
44%
France Paul Ourselin
41%
France Julien Simon
37%
France Lorrenzo Manzin
37%
France Fabien Doubey
30%
France Alan Jousseaume
26%
France Lucas Boniface
26%
France Thomas Bonnet
26%
France Baptiste Vadic
22%
Aucun quiz correspondant
Distribution des résultats
% des personnes avec chaque résultat
Percentile par nombre de réponses
Votre historique - résultats
Vous n’avez pas pris ce quiz